ბათუმის შოთა რუსთაველის სახელმწიფო უნივერსიტეტის ბიბლიოთეკა

მათემატიკა : ალგებრა და ანალიზის საწყისები / (ბიბ.ჩანაწერი № 47180)

000 -ლიდერი
ფიქსირებული სიგრძის საკონტროლო ველი 01478nam a2200289Ia 4500
001 - საკონტროლო ნომერი
საკონტროლო ველი 14038
003 - საკონტროლო ნომრის იდენტიფიკატორი
საკონტროლო ველი GE_BSU
005 - ბოლო ოპერაციის თარიღი და დრო
საკონტროლო ველი 20241017110300.0
008 - ფიქსირებული სიგრძის მონაცემთა ელემენტები - ზოგადი ინფორმაცია
ფიქსირებული სიგრძის საკონტროლო ველი 181216s2014||||ge |||||||||||||| ||geo||
020 ## - წიგნის საერთაშორისო სტანდარტული ნომერი
International Standard Book Number 9789941036453
040 ## - კატალოგიზაციის წყარო
Transcribing agency GE_BSU
041 ## - ენის კოდი
Language code of text/sound track or separate title geo
080 ## - უნივერსალური ათობითი კლასიფიკაციის ინდექსი
Universal Decimal Classification number 51(075.4) მ-15
245 ## - ცნობა სათაურის შესახებ
Title მათემატიკა : ალგებრა და ანალიზის საწყისები /
Statement of responsibility, etc ბეჟან ღვაბერიძე, ფრიდონ დვალიშვილი, ალექსანდრე მოსიძე და სხვ. ; [რედ. : ნ. ქალდანი].
250 ## - გამოცემის ცნობა
Edition statement გამოცემა მე-6
264 ## - წარმოების, გამოცემის, დისტრიბუციის და სხვა ცნობები
გამოცემის, წარმოების, დისტრიბუციის... ადგილი თბილისი :
გამოცემის, წარმოების, დისტრიბუციის... სახელწოდება პროგრესი,
გამოცემის, წარმოების, დისტრიბუციის... თარიღი 2014.
300 ## - ფიზიკური აღწერა
Extent 509 გვ. ;
Dimensions 27 სმ.
504 ## - BIBLIOGRAPHY, ETC. NOTE
Bibliography, etc ბიბლიოგრ. : გვ. 453-454
653 ## - INDEX TERM--UNCONTROLLED
Uncontrolled term მათემატიკა
653 ## - INDEX TERM--UNCONTROLLED
Uncontrolled term ალგებრა და ანალიზის საწყისები
653 ## - INDEX TERM--UNCONTROLLED
Uncontrolled term მათემატიკის სახელმძღვანელოები აბიტურიენტებისათვის
700 ## - ADDED ENTRY--PERSONAL NAME
Personal name ღვაბერიძე, ბეჟან
Relator term ავტორი
9 (RLIN) 23397
700 ## - ADDED ENTRY--PERSONAL NAME
Personal name დვალიშვილი, ფრიდონ
Relator term ავტორი
9 (RLIN) 23398
700 ## - ADDED ENTRY--PERSONAL NAME
Personal name მოსიძე, ალექსანდრე
Relator term ავტორი
9 (RLIN) 23399
942 ## - ADDED ENTRY ELEMENTS (KOHA)
Koha item type წიგნი
Source of classification or shelving scheme
ეგზემპლარები
ჩამოწერის სტატუსი დაკარგული ეგზემპლარის სტატუსი კლასიფიკაციის წყარო ან თაროზე გაწყობის სქემა დაზიანების სტატუსი არ გაიცემა მუდმივი მდებარეობა (დაცვის ადგილი) ამჟამინდელი ადგილსამყოფელი თაროზე განთავსების ადგილი შეძენის თარიღი ღირებულება, შესყიდვის ნორმალური ფასი სრული შენახვის შიფრი შტრიხკოდი ბოლო ოპერაციის თარიღი ეგზემპლარის მიმდევრობითი ნომერი (კეტერი?) ფასის ძალაში შესვლის თარიღი ეგზემპლარის სახეობა საჯარო შენიშვნა
          ბათუმის შოთა რუსთაველის სახელმწიფო უნივერსიტეტის მთავარი ბიბლიოთეკა ბათუმის შოთა რუსთაველის სახელმწიფო უნივერსიტეტის მთავარი ბიბლიოთეკა წიგნსაცავი 2018-12-17 14.00 51(075.4) მ-15 27287 2018-12-17 27287 2018-12-17 წიგნი 14.00 ₾.